000 00733nam a22002177a 4500
999 _c4016
_d4016
003 AR-CdUCM
008 190307b ||||| |||| 00| 0 spa d
040 _aMUNICIPALIDAD PROVINCIAL DEL CUSCO
_cBIBLIOTECA MUNICIPAL DEL CUSCO
082 _a869.508 /
_bL83
100 _aLopez Albujar, Enrique
_96
245 _aMatalache /
260 _aLima :
_bEditorial Universo,
_c1973.
300 _a217 paginas ;
_c17 cm.
440 _aEducación y sociedad
_n1
_912813
505 _aContenido :La tina -- El sol piurano -- La siesta -- Una apuesta original -- La tentación ...
650 _aNovelas peruanas
_9545
650 _aEsclavitud en la literatura
_912814
650 _aCuentos peruanos
_97
942 _2ddc
_cLIBROS
945 _arum